| 000 | 00681nam a22001935i 4500 | ||
|---|---|---|---|
| 001 | 156716 | ||
| 003 | ES-MaACL | ||
| 005 | 20230906210459.0 | ||
| 008 | 040804s1853 fr |||| | fre d | ||
| 100 | 1 |
_aLa Guéronnière, Arthur de ( _d1816-1875) _9176174 |
|
| 245 | 1 | 0 |
_aNapoleón III / _cpar le Vte A. de La Guéronnière. |
| 260 |
_aParis : _bAmyot, _c1853 ( _fImp. de Ch. Lahure) |
||
| 300 |
_a299, [1] p. ; _c18 cm. |
||
| 490 | 1 |
_aPortraits politiques contemporains ; _v1 |
|
| 600 | 0 | 4 |
_aNapoleón _bIII _cEmperador de Francia. _984912 |
| 830 | 1 |
_aPortraits politiques contemporains ; _v1 _9221711 |
|
| 852 | 4 |
_aES-MaACL _jG-9905 _z- Enc. hol. |
|
| 999 |
_c156716 _d156716 |
||